O reprezentácii baletu Slovenského národného divadla v minulej sezóne hovorí Boris Slovák

Bibliographic Details
Main Authors: Slovák, Boris, 1926-1994 (Author), E.N (Author), Nemsilová, Emília, 1932- (Author)
Format: Article
Language:Slovak
PhysicalDescription:Obr. 1.
Subjects:

MARC

LEADER 00000nab a2200000 a 4500
001 vtls000032569
003 SK-MaSNL
005 20260304194617.0
008 111103c1979 xo 0 slo
015 |a SNBRB19rr/mm-uuuuu 
035 |a CL0042663 
040 |a SNKBUCL  |b slo  |c SNKBUCL  |e AACR2 
041 0 |a slo 
044 |a xo  |c SK 
080 |a 792.8  |2 1981 
100 1 |a Slovák, Boris,  |d 1926-1994  |4 aut  |9 57697 
245 1 0 |a O reprezentácii baletu Slovenského národného divadla v minulej sezóne hovorí Boris Slovák  |c Boris Slovák, E.N. ; Emília Nemsilová 
300 |b Obr. 1. 
610 2 7 |a Slovenské národné divadlo  |2 snkbucl  |9 32458 
650 0 7 |a balet  |2 snkbucl  |9 3337 
651 7 |a 5100  |2 snkbucl  |9 166206 
655 7 |a články z novín a časopisov  |2 snkbucl  |9 267496 
700 1 |a E.N.  |4 aut  |9 1253469 
700 1 |a Nemsilová, Emília,  |d 1932-  |4 aut  |9 226357 
773 0 |t Večerník  |g Roč. 24, č. 138 (17. 7. 1979), s. 5 
850 |a Slovenská národná knižnica v Martine  |a MTA001 
852 |a SNK  |b KIS3GCP 
958 |a RK 
992 |a RBX 
999 |c 3075475  |d 3077405